000 00529nam a2200181Ia 4500
003 GCL
008 140319s9999 xx 000 0 ara d
040 _aGCL /
_cGCL
082 0 4 _a417
_bع ل
100 1 _aعبدالغفار حامد هلال
245 1 0 _aاللهجات العربية نشاة وتطورا /
_cعبدالغفار حامد هلال
260 _a[S.N] :
_bالمجالس ،
_c1990
300 _a431 ص
490 _a
650 0 4 _aاللغة العربية
650 0 4 _aاللهجات
942 _2ddc
_cBK
999 _c32578
_d32578